Nāṭakakāra Kolhaṭakara / (Record no. 82642)
[ view plain ]
| 000 -LEADER | |
|---|---|
| fixed length control field | 00507nam a2200181 a 4500 |
| 001 - CONTROL NUMBER | |
| control field | sa 68008952 |
| 003 - CONTROL NUMBER IDENTIFIER | |
| control field | DLC |
| 005 - DATE AND TIME OF LATEST TRANSACTION | |
| control field | 20260227112538.0 |
| 008 - FIXED-LENGTH DATA ELEMENTS--GENERAL INFORMATION | |
| fixed length control field | 980402s1957 ii 000 0 mar |
| 010 ## - LIBRARY OF CONGRESS CONTROL NUMBER | |
| LC control number | sa 68008952 |
| 040 ## - CATALOGING SOURCE | |
| Original cataloging agency | DLC |
| Transcribing agency | DLC |
| 050 00 - LIBRARY OF CONGRESS CALL NUMBER | |
| Classification number | PK2418.K63 |
| Item number | Z8 |
| 100 1# - MAIN ENTRY--PERSONAL NAME | |
| Personal name | Parāḍakara, Nā. Bā. |
| 245 10 - TITLE STATEMENT | |
| Title | Nāṭakakāra Kolhaṭakara / |
| Statement of responsibility, etc. | lekhaka Mā. Bā. Parāḍakara. |
| 260 ## - PUBLICATION, DISTRIBUTION, ETC. | |
| Place of publication, distribution, etc. | Puṇe : |
| Name of publisher, distributor, etc. | Manohara Granthamālā, |
| Date of publication, distribution, etc. | 1957? |
| 300 ## - PHYSICAL DESCRIPTION | |
| Extent | 20, 96 p. ; |
| Dimensions | 19 cm. |
| 546 ## - LANGUAGE NOTE | |
| Language note | In Marathi. |
No items available.